De palabra en palabra

Guardado en:
Bibliografiske detaljer
Hovedforfatter: Duque, Aquilino
Format: Bog
Sprog:Spanish
Udgivet: Madrid, España Cultura Hispánica 1968
Fag:
Tags: Tilføj Tag
Ingen Tags, Vær først til at tagge denne postø!

MARC

LEADER 00000nam a2200000Ia 4500
008 170316s9999 xx 000 0 spa d
040 |a cru BVZT 
090 |a 862 D-9d 
100 |a Duque, Aquilino 
245 |a De palabra en palabra 
260 |a Madrid, España 
260 |b Cultura Hispánica 
260 |c 1968 
300 |a s.páginas 
650 |a LITERATURA ESPAÑOLA 
942 |c 15 D 
999 |c 9805  |d 9805